00000000nam##2200000za#4500
0019.664391
003CaOODSP
00520231123084324
007ta
008150407|2003||||xxc|||||     f|0| 0 eng|d
020 |a0-662-67116-3
040 |aCaOODSP|beng
041 |aeng
041 |afre
043 |an-cn---
0861 |aE2-482/2003
1101 |aCanada. |bForeign Affairs and International Trade Canada.
24510|aAsia-Pacific Economic Cooperation (APEC) : |bconnecting Canada and the Asia-Pacific region
260 |aOttawa - Ontario : |bForeign Affairs and International Trade |c2003.
300 |aEnglish text, 6p. : |billus. ; |c22 cm.
5203 |aThis booklet describes what APEC is and why it is important to Canada. It also lists how businesses can take an active role in APEC, Canada’s APEC priorities, and recent Canadian accomplishments in APEC. Founded in 1989, APEC is the main economic forum in the Asia-Pacific region. APEC’s agenda includes trade liberalization, business facilitation, counter-terrorism, and economic and technical cooperation.
563 |aPamphlet
590 |a03-42|b2003-10-17
69007|aCooperation|2gcpds
792 |tCoopération économique de la zone Asie-Pacifique (APEC) : |efre|w(CaOODSP)9.664392